00249nam a2200085Ia 450000100070000000500170000700800410002424500760006526000220014164423020250826153600.0250824s9999 xx 000 0 und d 0aGÜLİVERİN GEZİLERİ GENÇLİK KLASİKLERİcJONATHAN SWIFT bTİMAŞ ÇOCUK